00643cam a22001934a 45000010005000000030009000050050017000140080041000310200040000720400028001120820020001402450085001602600030002453000041002755040041003166000029003576500040003867000023004267283BD-DhUAP20200227163918.0200227s2001 gw a b 000 0 eng  a3829058543 (English edition : pbk.) aDLCcDLCdBD-DhUAPbEng 223a720.945 ALD10aAldo Rossi :bthe life and works of an architect /cEdited by Alberto Ferlenga. aKoln :bKonemann,cc2001. a457 pages :billustrations ;c28 cm. aIncludes bibliographical references.10aRossi, Aldo,d1931-1997. 0aArchitecture, Moderny20th century.1 aFerlenga, Alberto.